Parteivorsitzenden von Bündnis90/Die Grünen - Statistiken

Allgemein
  • Dieses Quiz wurde 56 mal gespielt
  • Das Durchschnittsergebnis liegt bei 9 aus 60
Antwortstatistiken
Hint Antwort % Korrekt
2018-2022 Robert Habeck
87%
2018-2022 Annalena Baerbock
85%
2008-2018 Cem Özdemir
74%
2022-2024 Ricarda Lang
70%
2001-2002 Claudia Roth
64%
2004-2013 Claudia Roth
64%
2022-2024 Omid Nouripour
51%
2000-2001 Renate Künast
51%
1994-1998 Jürgen Trittin
49%
seit 2024 Felix Banaszak
36%
1991-1993 Katrin Göring-Eckardt
34%
seit 2024 Franziska Brantner
30%
1980-1982 Petra Kelly
30%
1990-1991 Hans-Christian Ströbele
15%
1987-1988 Christian Schmidt
11%
2000-2002 Fritz Kuhn
11%
1983-1984 Rebekka Schmidt
11%
1989-1990 Vollrad Kuhn
11%
2002-2008 Reinhard Bütikofer
9%
2013-2018 Simone Peter
9%
2002-2004 Angelika Beer
4%
1984-1988 Jutta Ditfurth
4%
1991-1993 Marianne Birthler
4%
1991-1993 Marianne Birthler
4%
1998-2000 Antje Radcke
2%
1979 August Haußleiter
2%
1991-1993 Burghardt Brinksmeier
2%
1989-1990 Carlo Jordan
2%
1991-1993 Christiane Ziller
2%
1989-1991 Christine Weiske
2%
1991-1993 Christine Weiske
2%
1980-1982 Dieter Burgmann
2%
1990-1991 Dorit Nessing-Stranz
2%
1990-1991 Friedrich Heilmann
2%
1989-1990 Gerd Klötzer
2%
1991-1993 Gerd Poppe
2%
1996-2000 Gunda Röstel
2%
1990-1991 Heide Rühle
2%
1979 Helmut Neddemeyer
2%
1989-1991 Henry Schramm
2%
1979 Herbert Gruhl
2%
1990-1991 Judith Demba
2%
1994-1996 Krista Sager
2%
1991-1993 Ludger Volmer
2%
1984-1987 Lukas Beckmann
2%
1981-1983 Manon Maren-Grisebach
2%
1989-1990 Marianne Dörfler
2%
1980 Norbert Mann
2%
1991-1993 Petra Morawe
2%
1982-1987 Rainer Trampert
2%
1989-1990 Ralf Fücks
2%
1987-1988 Regina Michalik
2%
1990-1991 Renate Damus
2%
1989-1990 Ruth Hammerbacher
2%
1991-1993 Uwe Lehmann
2%
1989-1990 Verena Krieger
2%
1990-1991 Viktor Leibrenz
2%
1991-1993 Werner Schulz
2%
1982-1984 Wilhelm Knabe
2%
1991-1993 Wolfgang Ullmann
2%
Keine übereinstimmenden Quizze gefunden
Verteilung der Resultate
Anzahl Personen mit jedem Resultat
Perzentil nach korrekt beantworteten Fragen
Ihre Resultats-Entwicklung
Sie haben dieses Quiz noch nicht gespielt